Handbook for the study of mental health (Record no. 1563291)

MARC details
000 -LEADER
fixed length control field 00596nam a22001937a 4500
005 - DATE AND TIME OF LATEST TRANSACTION
control field 20260121135748.0
008 - FIXED-LENGTH DATA ELEMENTS--GENERAL INFORMATION
fixed length control field 260121b |||||||| |||| 00| 0 eng d
037 ## - SOURCE OF ACQUISITION
Terms of availability DSWL
040 ## - CATALOGING SOURCE
Original cataloging agency DSWL
Transcribing agency DSWL
041 ## - LANGUAGE CODE
Language code of original eng
084 ## - COLON CLASSIFICATION NUMBER
Classification number YX;zr.1 P9
245 ## - TITLE STATEMENT
Title Handbook for the study of mental health
260 ## - PUBLICATION, DISTRIBUTION, ETC.
Place of publication, distribution, etc. USA,
Name of publisher, distributor, etc. Cambridge University Press,
Date of publication, distribution, etc. 2009
300 ## - PHYSICAL DESCRIPTION
Extent 676p
365 ## - TRADE PRICE
Price type code USD
Price amount 79.95
700 ## - ADDED ENTRY--PERSONAL NAME
Personal name Teresa L. Scheid Ed.
9 (RLIN) 996079
942 ## - ADDED ENTRY ELEMENTS (KOHA)
Source of classification or shelving scheme Colon Classification (CC)
Koha item type Textual
Classification part YX;zr.1 P9
Suppress in OPAC No
Holdings
Withdrawn status Lost status Source of classification or shelving scheme Damaged status Not for loan Home library Current library Date acquired Source of acquisition Inventory number Total Checkouts Full call number Barcode Date last seen Price effective from Koha item type
    Colon Classification (CC)     Department of Social Work Library Department of Social Work Library 2025-11-14 Anshika Book International IN-05678/14.11.25   YX;zr.1 P9 SW0034057 2026-01-21 2026-01-21 Textual
Copyright @ Delhi University Library System